Návrh analógovej časti programovateľného nízko-šumového napájacieho zdroja
Saved in:
| Main Author: | |
|---|---|
| Other Authors: | |
| Format: | Manuscript Book |
| Language: | Slovak |
| Published: |
2019
|
| Subjects: | |
| Online Access: | http://is.stuba.sk/zp/portal_zp.pl?podrobnosti=144608 |
| Tags: |
No Tags, Be the first to tag this record!
|
MARC
| LEADER | 00000ntm a22000003a 4500 | ||
|---|---|---|---|
| 001 | stuzp69517 | ||
| 003 | SK-STU | ||
| 005 | 20190624134723.8 | ||
| 007 | ta | ||
| 008 | 150427s2015----xo-----f-mn---000-0-slo-d | ||
| 040 | |a STU |b slo | ||
| 041 | 0 | |a slo | |
| 044 | |a xo | ||
| 100 | 1 | |a Štefanička, Tomáš |u 033000 |k Z4 |4 aut |U FEI Fakulta elektrotechniky a informatiky |T FEI Ústav elektroniky a fotoniky |X 74919 |U E030 |Y 549 |7 74919 | |
| 242 | 0 | 1 | |a Design of Analog Part of Programable Low-Noise Power Supply |y eng |
| 245 | 1 | 0 | |a Návrh analógovej časti programovateľného nízko-šumového napájacieho zdroja |
| 260 | |c 2019 | ||
| 300 | |a 76 s., príl., |b CD-ROM | ||
| 650 | 4 | |a operačný zosilňovač |2 slo | |
| 650 | 4 | |a šum |2 slo | |
| 650 | 4 | |a napájací zdroj |2 slo | |
| 650 | 4 | |a linearita |2 slo | |
| 650 | 4 | |a napäťový sledovač |2 slo | |
| 650 | 4 | |a noise |2 eng | |
| 650 | 4 | |a linearity |2 eng | |
| 650 | 4 | |a power supply |2 eng | |
| 650 | 4 | |a voltage follower |2 eng | |
| 650 | 4 | |a operating amplifier |2 eng | |
| 700 | 1 | |a Arbet, Daniel |u 033000 |k Z2 |4 ths |U FEI Fakulta elektrotechniky a informatiky |T FEI Ústav elektroniky a fotoniky |X 11597 |U E030 |Y 549 |7 A000011597 | |
| 856 | 4 | |u http://is.stuba.sk/zp/portal_zp.pl?podrobnosti=144608 | |
| 996 | |b 284EP12174 |c E*DIPL- 12174 |l EE33 |s P |a 0 |w stuzp69517_0001 | ||